Biologie - Cellule : structure et fonction - Statistiques

Statistiques générales
  • Ce quiz a été pris 905 fois
  • Le résultat moyen est 7 sur 13
Statistiques - réponses
Question Réponse % Correct
La membrane plasmique est une biocouche de phospholipides avec des protéines incorporées
80%
L'appareil de Golgie modifie, trie, expédie les produits de la cellule
74%
Les prokaryotes ont des organites liés à leur membrane Faux
69%
Les parois cellulaires végétales empêche une absorption excessive d'eau Vrai
61%
Les flagelles et les cils crés des ondes mécaniques permettant de propulser la cellule Vrai
57%
Le cytosquelette peut-être composé de micro tubes, microfilaments ou de filaments intermédiaires
55%
Les chloroplastes sont constituées de Thylakoïdes et d'un fluide interne appelé stroma
53%
Le système endomembranaire comprend plusieurs organites interconnectés par des vésicules membranaires
50%
Les mitochondries contiennent des ribosomes, de l'ADN mitochondrial
49%
Les lysosomes : sont des compartiments digestifs de la cellule
46%
La matrice extracellulaire coordonne les activités cellulaire
35%
Les vacuoles sont des grosses vésicules dont les fonctions sont alimentaires, contractiles, centrales, stockage d'ion, maintient de la P
33%
Chez les eukaryotes, le noyau contient le nucléole, site du ribosome
28%
Aucun quiz correspondant
Distribution des résultats
% des personnes avec chaque résultat
Percentile par nombre de réponses
Votre historique - résultats
Vous n’avez pas pris ce quiz